Statistics for Top 10 Defenders in NBA History

Click here to take the quiz!

General Stats

  • This quiz has been taken 32 times
  • The average score is 8 of 10

Answer Stats

RankTeamsPlayer% Correct
1BOSBill Russell
100%
2HOU, TORHakeem Olajuwon
97%
4.MIN, BOS, BKNKevin Garnett
94%
5.SASTim Duncan
94%
3SASDavid Robinson
84%
10.GSWDraymond Green
84%
7.GSW, PHI, LALWilt Chamberlain
84%
8.ORL, LAL, HOU, ATL, CHA, WAS, PHIDwight Howard
71%
9.POR, LAC, BOSBill Walton
55%
6.GSW, CHI, CLENate Thurmond
29%

Score Distribution

Percentile by Number Answered

Percent of People with Each Score

Your Score History

You have not taken this quiz